Grundriss der Geshichte der Philosophie... Neunte... / (Record no. 147372)
[ view plain ]
| 000 -LEADER | |
|---|---|
| campo de control de longitud fija | 00795nam a2200181 i 4500 |
| 001 - NÚMERO DE CONTROL | |
| campo de control | 147372 |
| 003 - IDENTIFICADOR DE NÚMERO DE CONTROL | |
| campo de control | ES-MaACL |
| 005 - FECHA Y HORA DE LA ÚLTIMA TRANSACCIÓN | |
| campo de control | 20230906201950.0 |
| 007 - CAMPO FIJO DE DESCRIPCIÓN FÍSICA--INFORMACIÓN GENERAL | |
| campo de control de longitud fija | t| |
| 008 - DATOS DE LONGITUD FIJA--INFORMACIÓN GENERAL | |
| campo de control de longitud fija | 070928m19031906gw ||||1| ger d |
| 100 1# - ENTRADA PRINCIPAL--NOMBRE DE PERSONA | |
| Nombre de persona | Ueberweg, Friedrich. |
| 9 (RLIN) | 111871 |
| 245 10 - MENCIÓN DEL TÍTULO | |
| Título | Grundriss der Geshichte der Philosophie... Neunte... / |
| Mención de responsabilidad, etc. | Friedrich Ueberweg ; auflage bearbeitet und herausgegeben von Max Heinze. |
| 260 ## - PUBLICACIÓN, DISTRIBUCIÓN, ETC. | |
| Lugar de publicación, distribución, etc. | Berlin : |
| Nombre del editor, distribuidor, etc. | Ernst Siegfried Mittler, |
| Fecha de publicación, distribución, etc. | 1903-1906. |
| 300 ## - DESCRIPCIÓN FÍSICA | |
| Extensión | 4 v. : |
| Otras características físicas | 23 cm. |
| 505 8# - NOTA DE CONTENIDO CON FORMATO | |
| Nota de contenido con formato | Contiene: v.1.-- Das Alterthum. v.2.-- Die mittlere oder die patristische und scholastische Zeit. v.3.-- Die Neuzeit bis zum Ende des achtzehnten Jahrhunderts. v.4.-- Die Philosophie seit Beginn des neunzehnten Jahrhunderts |
| 700 1# - ENTRADA AGREGADA--NOMBRE PERSONAL | |
| Nombre de persona | Heinze, Max. |
| 9 (RLIN) | 62393 |
| 852 ## - LOCALIZACIÓN | |
| Ubicación | ES-MaACL |
| Número de control de estantería | C-2549-52 |
| Estatus retirado | Estado de pérdida | Estado de daño | No para préstamo | Biblioteca de origen | Biblioteca actual | Ubicación en estantería | Fecha de adquisición | Fuente de adquisición | Total de préstamos | Signatura topográfica completa | Código de barras | Visto por última vez | Precio de reemplazo | Tipo de ítem Koha |
|---|---|---|---|---|---|---|---|---|---|---|---|---|---|---|
| Biblioteca del Ateneo de Madrid | Biblioteca del Ateneo de Madrid | Sala Palomar | 17/01/2008 | C-2549-52 | 1153792 | 23/02/2023 | 23/02/2023 | Libro impreso |
